<?xml version="1.0" encoding="UTF-8"?>
<record
    xmlns:xsi="http://www.w3.org/2001/XMLSchema-instance"
    xsi:schemaLocation="http://www.loc.gov/MARC21/slim http://www.loc.gov/standards/marcxml/schema/MARC21slim.xsd"
    xmlns="http://www.loc.gov/MARC21/slim">

  <leader>01190nam a22002057a 4500</leader>
  <controlfield tag="005">20220118105602.0</controlfield>
  <controlfield tag="008">220113b           ||||| |||| 00| 0 eng d</controlfield>
  <datafield tag="020" ind1=" " ind2=" ">
    <subfield code="a">9788175994737</subfield>
  </datafield>
  <datafield tag="040" ind1=" " ind2=" ">
    <subfield code="c">AL</subfield>
  </datafield>
  <datafield tag="041" ind1=" " ind2=" ">
    <subfield code="a">eng</subfield>
  </datafield>
  <datafield tag="082" ind1=" " ind2=" ">
    <subfield code="2">23</subfield>
    <subfield code="a">823.914</subfield>
    <subfield code="b"> DOYR</subfield>
  </datafield>
  <datafield tag="100" ind1=" " ind2=" ">
    <subfield code="a">Arthur Conan Doyle</subfield>
    <subfield code="9">13048</subfield>
  </datafield>
  <datafield tag="245" ind1=" " ind2=" ">
    <subfield code="a">Return of Sherlock Holmes</subfield>
    <subfield code="b">A collection of Holmes adventures</subfield>
  </datafield>
  <datafield tag="260" ind1=" " ind2=" ">
    <subfield code="a">New Delhi</subfield>
    <subfield code="b">Fingerprint classics</subfield>
    <subfield code="c">2020</subfield>
  </datafield>
  <datafield tag="300" ind1=" " ind2=" ">
    <subfield code="a">323p.</subfield>
    <subfield code="b">PB</subfield>
    <subfield code="c">19.6X13cm.</subfield>
  </datafield>
  <datafield tag="365" ind1=" " ind2=" ">
    <subfield code="2">General</subfield>
    <subfield code="a">4477</subfield>
    <subfield code="b">&#x20B9;152.10</subfield>
    <subfield code="c">&#x20B9;</subfield>
    <subfield code="d">&#x20B9;195.00</subfield>
    <subfield code="e">22%</subfield>
    <subfield code="f">18-12-2021</subfield>
  </datafield>
  <datafield tag="520" ind1=" " ind2=" ">
    <subfield code="a">In the spring of 1894, as Watson investigates the murder of the Honourable Ronald Adair, the maid announces a visitor. To his surprise, it is none other than the old book collector he
bumped into not too long ago. As Watson turns around to meet him, he faints . . .
?My dear Watson, ?said the well-remembered voice . . .
?Holmes! ? I cried. ?Is it really you?
Can it indeed be that you are alive? ?
Sherlock Holmes is back from the dead to resume his practice. Follow him as he prevents scandals, cracks codes, identifies criminals and saves his innocent clients.
</subfield>
  </datafield>
  <datafield tag="650" ind1=" " ind2=" ">
    <subfield code="2">Literature</subfield>
    <subfield code="a">English fiction</subfield>
    <subfield code="9">13510</subfield>
  </datafield>
  <datafield tag="942" ind1=" " ind2=" ">
    <subfield code="2">ddc</subfield>
    <subfield code="c">BK</subfield>
  </datafield>
  <datafield tag="999" ind1=" " ind2=" ">
    <subfield code="c">221168</subfield>
    <subfield code="d">221168</subfield>
  </datafield>
  <datafield tag="952" ind1=" " ind2=" ">
    <subfield code="0">0</subfield>
    <subfield code="1">0</subfield>
    <subfield code="2">ddc</subfield>
    <subfield code="4">0</subfield>
    <subfield code="7">0</subfield>
    <subfield code="8">GEN</subfield>
    <subfield code="a">SACPG</subfield>
    <subfield code="b">SACPG</subfield>
    <subfield code="d">2021-12-30</subfield>
    <subfield code="e">Biblios Book Point</subfield>
    <subfield code="g">152.10</subfield>
    <subfield code="l">1</subfield>
    <subfield code="o">823.914  DOYR</subfield>
    <subfield code="p">PG023535</subfield>
    <subfield code="r">2023-03-13 00:00:00</subfield>
    <subfield code="s">2023-03-02</subfield>
    <subfield code="v">195.00</subfield>
    <subfield code="w">2022-01-13</subfield>
    <subfield code="y">BK</subfield>
  </datafield>
</record>
